Statistiche per Riconosci la Squadra di calcio - Quiz n°309

Clicka qui per fare il quiz!

Statistiche generali

  • Questo quiz è stato fatto 4 volte
  • Il punteggio medio è 5 su 9

Statistiche sulle risposte

IndizioRisposta% Corretto
Titoli nazionali2 Segunda Division
4 Segunda Division B
100%
Colori socialiBianco, verde, nero
100%
Trofei nazionali0
67%
Trofei internazionali0
67%
Divisione nazionale 2023-2024Seconda
67%
ConfederazioneUEFA
67%
Fondazione1913
0%
Capienza Stadio22 500 posti
0%
SquadraRacing Santander
0%

Distribuzione punteggi

Percentile per numero di risposta

Percentuale di utenti per punteggio

I tuoi punteggi nel tempo

Non hai fatto questo quiz